01896nam a2200505 i 450000100060000000300090000600500170001500800410003201500160007302000150008903500230010403500360012703500140016303500200017703500230019703500440022004000280026404100130029204600090030508000100031410000480032424501590037224600490053126000560058030000680063633600270070433700540073133800280078538000160081338800140082938800140084350400360085765000210089365800300091470000250094470000260096970000580099570000470105371000410110085600980114194200120123999900170125195200610126895200610132928664KOSZ 00520210531125445.0971010s1988 pl a |001 0 pol  aPB 1989/478 a8301060166 a991002511519705066 a(PL-WaBN)b10689801-48omnis_nlop ab10689801 a(OCoLC)69596362 a(PL)b0000001068980 a(EXLNZ-48OMNIS_NETWORK)9910188062305606 aWA NcWA NdKOSZ 005/HR1 apolheng k1978 a528.91 aRobinson, Arthur Howardd(1915-2004)eAutor10aPodstawy kartografii /cArthur Robinson, Randall Sale, Joel Morrison ; red. nauk. przekładu [z ang.] Wiesław Ostrowski, [tł. Andrzej Ciołkosz et al.].1 iTyt. oryg.: aElements of cartography,f1978 aWarszawa :bPaństwowe Wydawnictwo Naukowe,c1988. a622, [2] s., [4] s. tabl. kolor. :bfot., rys., wykr. ;c25 cm. 2rdacontentaTekstbtxt 2rdamediaaBez urządzenia pośredniczącegobn 2rdacarrieraWoluminbnc aKsiążki a1901-2000 a1945-1989 aBibliogr. przy rozdz. - Indeks. 7aKartografia2DBN aGeografia i nauki o Ziemi1 aSale, RandalleAutor1 aMorrison, JoeleAutor1 aOstrowski, Wiesławd(1944- )eTłumaczenieeRedakcja1 aCiołkosz, Andrzejd(1939- )eTłumaczenie2 aPaństwowe Wydawnictwo Naukowe4pbl uhttp://koha.tu.koszalin.pl/cgi-bin/koha/opac-detail.pl?biblionumber=28664yKatalog online BPK 2UKDcKS c28664d28664 00104070aBPKbBPKcwo34531p01263169s2018-05-09yKS 00104070aBPKbBPKcwo34532p01247183s2018-06-15yKS